[Event "BEL VSF op-B"]
[Site "Belgium"]
[Date "2001.??.??"]
[Round "?"]
[White "De Duffeleer, Philippe"]
[Black "Deleyn, Gunter"]
[Result "0-1"]
[WhiteElo "1845"]
[BlackElo "2295"]
[PlyCount "80"]
[EventDate "2001.??.??"]
[EventType "swiss"]
[EventRounds "7"]
[EventCountry "BEL"]
[SourceTitle "EXT 2003"]
[Source "ChessBase"]
[SourceDate "2002.11.25"]
[SourceVersion "1"]
[SourceVersionDate "2002.11.25"]
[SourceQuality "1"]

1. e4 d6 2. d4 Nf6 3. Nc3 g6 4. Be2 Bg7 5. Be3 Nc6 6. h4 h5 7. f3 e5 8. Bb5 Bd7 9. d5 Ne7 10. Bxd7+ Qxd7 11. Nge2 c6 12. Qd3 cxd5 13. Nxd5 Nfxd5 14. exd5 0-0 15. c4 f5 16. Nc3 Rfc8 17. Rc1 Kh7 18. Rg1 Bf6 19. Bg5 Bxg5 20. hxg5 Kg7 21. Kd2 Rh8 22. Rce1 a6 23. b3 h4 24. Na4 Qc7 25. Qe3 b5 26. Nb2 bxc4 27. bxc4 Rab8 28. Qc3 Rhc8 29. Rc1 Nxd5 30. cxd5 Qxc3+ 31. Rxc3 Rxb2+ 32. Kd3 Rxc3+ 33. Kxc3 Rxa2 34. Rb1 Rxg2 35. Rb7+ Kf8 36. Rb8+ Ke7 37. Rb7+ Kd8 38. Rb8+ Kc7 39. Rh8 Rxg5 40. Rxh4 Rg3 0-1